[Event "LSS RC-2009-0-00026"]
[Site "LSS email"]
[Date "2009.05.17"]
[Round "?"]
[White "Hemmer, Christian"]
[Black "Parry, Andrew"]
[Result "0-1"]
[WhiteElo "1737"]
[BlackElo "1618"]
[PlyCount "76"]
[EventDate "2009.03.06"]
[EventType "tourn (corr)"]
[EventRounds "6"]
[EventCountry "GER"]
[SourceTitle "Corr 2011"]
[Source "ChessBase"]
[SourceDate "2010.08.31"]
[SourceVersion "1"]
[SourceVersionDate "2010.08.31"]
[SourceQuality "1"]

1. Nf3 Nf6 2. d4 d5 3. c4 c6 4. Nc3 e6 5. e3 Nbd7 6. Bd3 dxc4 7. Bxc4 b5 8. Bd3 a6 9. e4 c5 10. e5 cxd4 11. Nxb5 axb5 12. exf6 Qb6 13. fxg7 Bxg7 14. 0-0 0-0 15. Re1 Bb7 16. Bf4 Bd5 17. Ne5 Nxe5 18. Bxe5 Bxe5 19. Rxe5 f5 20. Qd2 Rf7 21. Qh6 Qc7 22. Rae1 Qd7 23. a3 Rc8 24. Qf4 Rg7 25. g3 Rg4 26. Qd2 Rg6 27. Rd1 Qd6 28. f4 Qc5 29. b4 Qb6 30. Rc1 Rc3 31. Rxc3 dxc3+ 32. Qf2 Qc7 33. Bc2 Rg7 34. Re3 Qc4 35. Qf1 Qd4 36. Qd3 Qb6 37. Kf2 Rc7 38. Qe2 h6 0-1

[Event "LSS RC-2009-0-00026"]
[Site "LSS email"]
[Date "2009.05.15"]
[Round "?"]
[White "Bokros, Janos"]
[Black "Parry, Andrew"]
[Result "1/2-1/2"]
[WhiteElo "1695"]
[BlackElo "1616"]
[PlyCount "91"]
[EventDate "2009.03.06"]
[EventType "tourn (corr)"]
[EventRounds "6"]
[EventCountry "GER"]
[SourceTitle "Corr 2011"]
[Source "ChessBase"]
[SourceDate "2010.08.31"]
[SourceVersion "1"]
[SourceVersionDate "2010.08.31"]
[SourceQuality "1"]

1. e4 e5 2. Nf3 Nc6 3. Nc3 Nf6 4. Bb5 Bb4 5. 0-0 0-0 6. d3 d6 7. Bg5 Bxc3 8. bxc3 Qe7 9. Rb1 Nd8 10. Bc4 h6 11. Bxf6 Qxf6 12. d4 Bg4 13. Qd3 Bxf3 14. Qxf3 Qxf3 15. gxf3 c6 16. Rfd1 b5 17. Bf1 Ne6 18. d5 cxd5 19. exd5 Ng5 20. Kg2 a6 21. c4 e4 22. fxe4 Nxe4 23. Rd4 f5 24. h4 Kf7 25. Rb2 Rfb8 26. Bd3 Kf6 27. Bxe4 fxe4 28. Rxe4 Kf5 29. Re6 bxc4 30. Rxb8 Rxb8 31. Rxd6 Rb2 32. Rxa6 Rxc2 33. a4 Rd2 34. Rc6 Rd4 35. Rc5 Rxh4 36. a5 Rg4+ 37. Kf3 Rd4 38. Ke2 Ke5 39. a6 c3 40. Rxc3 Ra4 41. Rc7 Rxa6 42. Rxg7 Kxd5 43. Kf3 Ke5 44. Rc7 Kf6 45. Rc5 Kg6 46. Rc3 1/2-1/2

[Event "LSS RC-2009-0-00026"]
[Site "LSS email"]
[Date "2009.05.15"]
[Round "?"]
[White "Parry, Andrew"]
[Black "Moman, Aaron"]
[Result "1/2-1/2"]
[WhiteElo "1616"]
[BlackElo "1660"]
[PlyCount "82"]
[EventDate "2009.03.06"]
[EventType "tourn (corr)"]
[EventRounds "6"]
[EventCountry "GER"]
[SourceTitle "Corr 2011"]
[Source "ChessBase"]
[SourceDate "2010.08.31"]
[SourceVersion "1"]
[SourceVersionDate "2010.08.31"]
[SourceQuality "1"]

1. e4 c6 2. d4 d5 3. e5 c5 4. dxc5 Nc6 5. Bb5 e6 6. Be3 Nge7 7. c3 Bd7 8. Bxc6 Bxc6 9. Nf3 Nf5 10. Bd4 a5 11. 0-0 a4 12. Na3 Ra5 13. b4 axb3 14. axb3 Bxc5 15. Bxc5 Rxc5 16. Nd4 0-0 17. Nxc6 bxc6 18. Qd3 d4 19. Nc4 Rb5 20. cxd4 Nxd4 21. Ra3 Qd5 22. Rd1 c5 23. f4 h6 24. Nd2 Rfb8 25. Ra4 R5b7 26. Rc1 Nf3+ 27. Qxf3 Qxd2 28. Qc3 Qxc3 29. Rxc3 Rxb3 30. Rxb3 Rxb3 31. Kf2 Rb4 32. Ra8+ Kh7 33. Kf3 Rb3+ 34. Ke4 g5 35. g3 Rb4+ 36. Kf3 gxf4 37. gxf4 Kg6 38. Ra7 h5 39. Rc7 Rc4 40. h4 Rc3+ 41. Ke4 Rc1 1/2-1/2

[Event "LSS RC-2009-0-00026"]
[Site "LSS email"]
[Date "2009.05.15"]
[Round "?"]
[White "Sadler, Kirk"]
[Black "Parry, Andrew"]
[Result "0-1"]
[WhiteElo "1635"]
[BlackElo "1618"]
[PlyCount "52"]
[EventDate "2009.03.06"]
[EventType "tourn (corr)"]
[EventRounds "6"]
[EventCountry "GER"]
[SourceTitle "Corr 2011"]
[Source "ChessBase"]
[SourceDate "2010.08.31"]
[SourceVersion "1"]
[SourceVersionDate "2010.08.31"]
[SourceQuality "1"]

1. e4 c5 2. c3 d5 3. exd5 Qxd5 4. d4 e6 5. Nf3 Nf6 6. Na3 Qd8 7. Nc2 Nc6 8. Bd3 Be7 9. Qe2 0-0 10. 0-0 Bd7 11. Bg5 cxd4 12. Ncxd4 h6 13. Bh4 Qb6 14. Rad1 Nxd4 15. Nxd4 Rfd8 16. Rd2 Rac8 17. Rfd1 Rc5 18. Bg3 Ba4 19. b3 Nd5 20. Qe4 g6 21. Ne2 Bc6 22. Qg4 Bg5 23. Bh4 Nxc3 24. Nxc3 Bxd2 25. Bxd8 Qxd8 26. Rxd2 Rxc3 0-1

[Event "LSS OP-2009-0-00835"]
[Site "LSS email"]
[Date "2009.05.07"]
[Round "?"]
[White "Parry, Andrew"]
[Black "Bester, Kazimierz"]
[Result "1-0"]
[WhiteElo "1616"]
[BlackElo "232"]
[PlyCount "59"]
[EventDate "2009.05.03"]
[EventType "tourn (corr)"]
[EventRounds "4"]
[EventCountry "GER"]
[SourceTitle "Corr 2011"]
[Source "ChessBase"]
[SourceDate "2010.08.31"]
[SourceVersion "1"]
[SourceVersionDate "2010.08.31"]
[SourceQuality "1"]

1. e4 d6 2. d4 Nf6 3. Nc3 g6 4. f4 Bd7 5. Nf3 Bg7 6. e5 Ng4 7. Be2 Nh6 8. 0-0 0-0 9. Bd2 Nc6 10. d5 Nb8 11. a4 c5 12. Bc4 a6 13. h3 Kh8 14. Re1 Nf5 15. Ne4 Be8 16. g4 Nd4 17. Nxd4 cxd4 18. exd6 exd6 19. Bb4 Qh4 20. Bxd6 Rg8 21. Be5 Nd7 22. Bxd4 f5 23. Ng5 h6 24. Bf2 Qxf2+ 25. Kxf2 hxg5 26. fxg5 Bxb2 27. Rb1 Bc3 28. Re3 Ba5 29. Qd4+ Kh7 30. Re7+ 1-0

[Event "LSS OP-2009-0-00835"]
[Site "LSS email"]
[Date "2009.05.07"]
[Round "?"]
[White "Parry, Andrew"]
[Black "Vontina, Maria"]
[Result "1-0"]
[WhiteElo "1616"]
[BlackElo "605"]
[PlyCount "69"]
[EventDate "2009.05.03"]
[EventType "tourn (corr)"]
[EventRounds "4"]
[EventCountry "GER"]
[SourceTitle "Corr 2011"]
[Source "ChessBase"]
[SourceDate "2010.08.31"]
[SourceVersion "1"]
[SourceVersionDate "2010.08.31"]
[SourceQuality "1"]

1. e4 e6 2. d4 d5 3. e5 c5 4. c3 Nc6 5. Nf3 Qb6 6. a3 Bd7 7. b4 cxb4 8. cxb4 Nge7 9. Nc3 Ng6 10. Na4 Qd8 11. Bd3 Be7 12. 0-0 0-0 13. Be3 b6 14. Nc3 Rc8 15. Rc1 Nb8 16. Qb3 a6 17. b5 a5 18. a4 Be8 19. Ne2 f5 20. exf6 Bxf6 21. Rxc8 Qxc8 22. Rc1 Qb7 23. Nf4 Bd7 24. Nxg6 hxg6 25. Qa3 Rc8 26. Rxc8+ Qxc8 27. Qd6 Qb7 28. Ne5 Bxe5 29. dxe5 Kf7 30. Bxb6 Bc8 31. Bc5 Kg8 32. Bxg6 Nd7 33. Qxe6+ Kh8 34. Qh3+ Kg8 35. Qh7# 1-0